All Main Character Pokemon - Statistics

General Stats
  • This quiz has been taken 99 times
    76 since last reset
  • The average score is 62 of 141
Answer Stats
Hint Answerc % Correct
Ash Pikachu
100%
Charizard
79%
Bulbasaur
77%
Tauros x30
75%
Geodude
71%
Starmie
68%
Axew
66%
Dawn Piplup
66%
Butterfree
64%
Staryu
64%
May Blaziken
63%
Serena Braixen
63%
Dedenne With Bonnie
63%
Team Rocket Meowth
63%
Brock Steelix
63%
Lillie Vulpix Snowy
63%
Dragonite
61%
Muk
61%
Misty Goldeen
57%
Gyarados
57%
Kingler
57%
Cilan Pansage
57%
Snivy
57%
Snorlax
57%
Sylveon
57%
Togekiss
57%
Bayleef
55%
Pancham
55%
Quilava
55%
Wartortle
55%
Heliolisk
54%
Mr. Mime Mimey
54%
Oshawott
54%
Pignite
54%
Sceptile
54%
Buizel
52%
Eevee Sandy
52%
Gliscor
52%
Infernape
52%
Krookodile
52%
Luxray
52%
Noctowl
52%
Palpitoad
52%
Torterra
52%
Totodile
52%
Buneary
50%
Gible
50%
Hawlucha
50%
Marill
50%
Noivern
50%
Psyduck
50%
Stunfisk
50%
Iris Excadrill
48%
Magneton
48%
Scraggy
48%
Swellow
48%
Torkoal
48%
Chansey
46%
Crobat
46%
Emolga
46%
Glalie
46%
Mamoswine
46%
Marshtomp
46%
Pachirisu
46%
Lana Primarina
46%
Staraptor
46%
Talonflame
46%
Sophacles Togedemaru
46%
Venusaur
46%
Vikavolt
46%
Beautifly
45%
Clemont Bunnelby
45%
Chespin
45%
Corphish
45%
Crustle
45%
Growlithe Growlie
45%
Sudowoodo
45%
Mallow Tsareena
45%
Jessie Wobbuffet
45%
Boldore
43%
Donphan
43%
Horsea
43%
Leavanny
43%
Scyther
43%
Kiawe Turtonator
43%
Unfezant
43%
Heracross
41%
Incineroar
41%
Marowak
41%
Rowlet
41%
Seviper
41%
Tracey Venonat
41%
Croagunk
39%
Lycanroc
39%
Magnemite
39%
Skitty
39%
Glaceon
38%
Forretress
36%
Ludicolo
36%
Melmetal
36%
Politoed
36%
Yanmega
36%
Beedrill
34%
Carnivine
34%
Caterpie
34%
Azurill
32%
Corsola
32%
Metapod
32%
Mimikyu
32%
Munchlax
32%
Go Scorbunny
30%
Inkay
29%
Yamask
29%
Frillish
27%
Amoonguss
25%
Comfey
25%
Woobat
25%
Gourgeist
23%
Mime Jr
23%
Kakuna
21%
Luvdisc Caserin
21%
Magearna
20%
James Mareanie
20%
Weedle
20%
Chimecho
18%
Pinsir
16%
Venomoth
16%
Tentacool
13%
Paras
11%
Parasect
11%
Wurmple
11%
Stantler
9%
Mantyke
7%
Misdreavus
7%
Sentret
7%
Taillow
7%
No matching quizzes found
Score Distribution
Percent of People with Each Score
Percentile by Number Answered
Your Score History
You have not taken this quiz since the last reset